[Event "Asturias-ch"]
[Site "Oviedo"]
[Date "2003.04.12"]
[Round "11.3"]
[White "Gonzalez Menendez, Ivan"]
[Black "Menendez Rey, Francisco Javier"]
[Result "1/2-1/2"]
[WhiteElo "2309"]
[BlackElo "2206"]
[PlyCount "93"]
[EventDate "2003.02.22"]
[EventType "swiss"]
[EventRounds "11"]
[EventCountry "ESP"]
[SourceTitle "EXT 2004"]
[Source "ChessBase"]
[SourceDate "2003.11.25"]
[SourceVersion "1"]
[SourceVersionDate "2003.11.25"]
[SourceQuality "1"]

1. e4 Nf6 2. e5 Nd5 3. d4 d6 4. c4 Nb6 5. exd6 exd6 6. Nc3 Be7 7. Bd3 0-0 8. Nge2 Nc6 9. 0-0 Re8 10. h3 Bf6 11. b3 g6 12. Be3 a5 13. Rc1 Ne7 14. Ng3 d5 15. c5 Nd7 16. Qf3 c6 17. Na4 Bg7 18. Rfe1 b5 19. cxb6 Nxb6 20. Nc5 Nd7 21. Bg5 Bxd4 22. Nxd7 Qxd7 23. Nh5 gxh5 24. Bxh7+ Kxh7 25. Qxf7+ Bg7 26. Bf6 Ng6 27. Qxe8 Bxf6 28. Rxc6 Qxe8 29. Rxe8 Bd7 30. Rxa8 Bxc6 31. Rxa5 Ne7 32. b4 d4 33. Rxh5+ Kg6 34. Rc5 d3 35. Kf1 Bd4 36. Rc4 Bf6 37. Ke1 Kf7 38. g4 Bd5 39. Rc5 Bg5 40. Rc3 d2+ 41. Kd1 Bc6 42. Ra3 Nd5 43. h4 Bf4 44. Kc2 Nxb4+ 45. Kd1 Be4 46. Re3 Bc2+ 47. Kxd2 1/2-1/2

[Event "Asturias-ch"]
[Site "Oviedo"]
[Date "2003.04.05"]
[Round "9.1"]
[White "Menendez Rey, Francisco Javier"]
[Black "Aguera Naredo, Javier"]
[Result "1-0"]
[WhiteElo "2206"]
[BlackElo "2312"]
[PlyCount "61"]
[EventDate "2003.02.22"]
[EventType "swiss"]
[EventRounds "11"]
[EventCountry "ESP"]
[SourceTitle "EXT 2004"]
[Source "ChessBase"]
[SourceDate "2003.11.25"]
[SourceVersion "1"]
[SourceVersionDate "2003.11.25"]
[SourceQuality "1"]

1. d4 Nf6 2. Bg5 Ne4 3. Bf4 d6 4. Nd2 Nxd2 5. Qxd2 e6 6. e4 Be7 7. Nf3 b6 8. Bd3 Bb7 9. 0-0-0 Nd7 10. Rhe1 a6 11. Kb1 b5 12. Qe2 Nb6 13. Nd2 b4 14. Nc4 Nxc4 15. Bxc4 0-0 16. Rd3 d5 17. exd5 exd5 18. Bb3 Bf6 19. c3 a5 20. Rh3 g6 21. Bc2 Re8 22. Be5 bxc3 23. Qf3 cxb2 24. Qf4 Bg5 25. Rxh7 f6 26. Qg4 Kxh7 27. Qh5+ Kg8 28. Qxg6+ Kf8 29. f4 Qe7 30. fxg5 fxg5 31. Rf1+ 1-0

[Event "Asturias-ch"]
[Site "Oviedo"]
[Date "2003.03.15"]
[Round "5.2"]
[White "Menendez Rey, Francisco Javier"]
[Black "Llaneza Vega, Marcos"]
[Result "0-1"]
[WhiteElo "2206"]
[BlackElo "2136"]
[PlyCount "58"]
[EventDate "2003.02.22"]
[EventType "swiss"]
[EventRounds "11"]
[EventCountry "ESP"]
[SourceTitle "EXT 2004"]
[Source "ChessBase"]
[SourceDate "2003.11.25"]
[SourceVersion "1"]
[SourceVersionDate "2003.11.25"]
[SourceQuality "1"]

1. d4 d6 2. e4 Nf6 3. Bd3 e5 4. Nf3 Bg4 5. dxe5 dxe5 6. h3 Bxf3 7. Qxf3 Nc6 8. c3 Bc5 9. 0-0 Qe7 10. Bb5 h6 11. b4 Bb6 12. a4 a5 13. bxa5 Rxa5 14. Nd2 Nd7 15. Nc4 Ra8 16. Ne3 0-0 17. Nf5 Qf6 18. g4 Kh7 19. g5 Qe6 20. Kh1 Nc5 21. Rb1 Rad8 22. Rg1 g6 23. Ne3 Nxe4 24. Bc4 Qd7 25. Rg4 Nxg5 26. Qg3 Ne7 27. Rh4 Qc6+ 28. Nd5 Rxd5 29. Bxg5 Rd1+ 0-1

[Event "Gijon op"]
[Site "Gijon"]
[Date "2003.??.??"]
[Round "2"]
[White "Canteli Martinez, Daniel"]
[Black "Menendez Rey, Francisco Javier"]
[Result "0-1"]
[WhiteElo "2079"]
[BlackElo "2206"]
[PlyCount "34"]
[EventDate "2003.??.??"]
[EventType "swiss"]
[EventRounds "9"]
[EventCountry "ESP"]
[SourceTitle "EXT 2005"]
[Source "ChessBase"]
[SourceDate "2004.11.15"]
[SourceVersion "1"]
[SourceVersionDate "2004.11.15"]
[SourceQuality "1"]

1. e4 c5 2. Nf3 d6 3. d4 Nf6 4. Nc3 cxd4 5. Nxd4 g6 6. f3 Bg7 7. Be3 0-0 8. Qd2 Nc6 9. 0-0-0 d5 10. exd5 Nxd5 11. Nxc6 bxc6 12. Bd4 e5 13. Bc5 Be6 14. Qe1 Bh6+ 15. Kb1 Nxc3+ 16. bxc3 Rb8+ 17. Bb4 Qa5 0-1

[Event "Gijon op"]
[Site "Gijon"]
[Date "2003.??.??"]
[Round "3"]
[White "Menendez Rey, Francisco Javier"]
[Black "Melero Morales, Javier Antonio"]
[Result "1-0"]
[WhiteElo "2206"]
[BlackElo "2106"]
[PlyCount "57"]
[EventDate "2003.??.??"]
[EventType "swiss"]
[EventRounds "9"]
[EventCountry "ESP"]
[SourceTitle "EXT 2005"]
[Source "ChessBase"]
[SourceDate "2004.11.15"]
[SourceVersion "1"]
[SourceVersionDate "2004.11.15"]
[SourceQuality "1"]

1. e4 c5 2. b3 Nc6 3. Bb2 d6 4. Bb5 Nf6 5. Qe2 Bd7 6. Bxc6 Bxc6 7. d3 e6 8. f4 Be7 9. Nf3 0-0 10. 0-0 Qb6 11. c4 Qc7 12. Nbd2 Rad8 13. Rae1 b5 14. e5 Ne8 15. Ng5 Qd7 16. Qh5 Bxg5 17. fxg5 dxe5 18. Re3 f6 19. cxb5 Bb7 20. Rh3 g6 21. Qh6 Rf7 22. gxf6 Nd6 23. Qg5 Nf5 24. Nc4 Qe8 25. Nxe5 Rd5 26. Nxg6 hxg6 27. Qxg6+ Ng7 28. Qh7+ Kf8 29. Qh8# 1-0

[Event "Gijon op"]
[Site "Gijon"]
[Date "2003.??.??"]
[Round "4"]
[White "Suarez Real, Alberto"]
[Black "Menendez Rey, Francisco Javier"]
[Result "1-0"]
[WhiteElo "2232"]
[BlackElo "2206"]
[PlyCount "78"]
[EventDate "2003.??.??"]
[EventType "swiss"]
[EventRounds "9"]
[EventCountry "ESP"]
[SourceTitle "EXT 2005"]
[Source "ChessBase"]
[SourceDate "2004.11.15"]
[SourceVersion "1"]
[SourceVersionDate "2004.11.15"]
[SourceQuality "1"]

1. e4 e6 2. d4 d5 3. Nd2 a6 4. Ngf3 Nf6 5. Bd3 Nc6 6. c3 Be7 7. Qe2 dxe4 8. Nxe4 Nxe4 9. Bxe4 Bf6 10. Bf4 Ne7 11. h4 Nd5 12. Be5 c6 13. g4 Bxe5 14. Nxe5 Qf6 15. c4 Nf4 16. Qf3 Ng6 17. Nxc6 Qxf3 18. Bxf3 f6 19. 0-0-0 Kd7 20. Na5 Kc7 21. h5 Nf4 22. Rhe1 g5 23. b4 Rb8 24. d5 Rd8 25. dxe6 Bxe6 26. Kc2 Rxd1 27. Rxd1 b6 28. Nc6 Re8 29. Kc3 h6 30. Re1 Bd7 31. Rxe8 Bxe8 32. Ne7 Bd7 33. Ng8 Nh3 34. Nxh6 Nxf2 35. Nf5 Be8 36. Ne7 f5 37. h6 fxg4 38. Bg2 Nd1+ 39. Kd4 Bd7 1-0